Beste Skispringer - Statistiken

Allgemein
  • Dieses Quiz wurde 620 mal gespielt
  • Das Durchschnittsergebnis liegt bei 9 aus 15
Antwortstatistiken
Land Gewinnt Skispringer % Korrekt
Österreich 55 Gregor Schlierenzauer
78%
Polen 40 Kamil Stoch
78%
Österreich 23 Stefan Kraft
78%
Deutschland 20 Sven Hannawald
77%
Schweiz 29 Simon Ammann
73%
Finnland 38 Janne Ahonen
69%
Slovenien 24 Peter Prevc
67%
Österreich 25 Thomas Morgenstern
66%
Deutschland 24 Severin Freund
65%
Deutschland 30 Martin Schmitt
63%
Deutschland 37 Jens Weißflog
56%
Polen 43 Adam Małysz
54%
Österreich 21 Andreas Goldberger
47%
Finnland 51 Matti Nykänen
44%
Österreich 27 Andreas Felder
15%
Keine übereinstimmenden Quizze gefunden
Verteilung der Resultate
Anzahl Personen mit jedem Resultat
Perzentil nach korrekt beantworteten Fragen
Ihre Resultats-Entwicklung
Sie haben dieses Quiz noch nicht gespielt